000 00546nam a2200229Ia 4500
003 0100
008 130303s9999 xx 000 0 und d
020 _a800628810
040 _cARRUPELIB
050 _aBS2575.2.P681995
100 _aPowell, Mark Allan
245 _aGod with us
245 _ba pastoral theology of Matthew's gospel
260 _aMinneapolis
260 _bFortress Press
260 _C1995
300 _axi
300 _b 156 p. 22 cm
650 _bDahome--Politics
700 _aMark Allan Powell
942 0 0 _01
999 _c11535
_d11535